000 00798nam a2200241Ia 4500
999 _c34971
_d34971
001 806
003 GE_BSU
005 20200226123121.0
008 181216s2004ru xx |||||||||||||| ||rus||
020 _a9785354006601
040 _cGE_BSU
041 _arus
080 _a81(075.8) А-50
100 _aАлимов,В.В.
_97491
245 _aТеория перевода :
_bПеревод в сфере профессиональной коммуникации /
_cВ.В. Алимов.
250 _a2-е испр.
264 _aМосква :
_bЕдиториал УРСС,
_c2004.
300 _a158 стр.:
_c22 см.
500 _aБиблиогр. стр.153-158.
653 _aТеория перевода.
653 _aთარგმნის თეორია
942 _cBK
_2udc